000 00489nam a2200181Ia 4500
005 20250923144257.0
008 008 250917s9999 xx 000 0 eng d
037 _aTextual
040 _aDSWL
_beng
_cDSWL
041 _aeng
_2eng
084 _aY, H6
_qDSWL
100 _aMyrdal, Alva
_9823147
245 0 _aNation and family
_cby Alva Myrdal
260 _aNew York
_b Kegan Paul
_c1945
300 _a441 p.
942 _cTEXL
_hY, H6
999 _c1436923
_d1436923